Ray Liotta Filmography - Statistics

General Stats
  • This quiz has been taken 78 times
    17 since last reset
  • The average score is 43 of 134
Answer Stats
Type Year Name % Correct
Film 1990 GoodFellas
100%
Film 1995 Operation Dumbo Drop
69%
Film 2001 Blow
62%
Film 1989 Field of Dreams
62%
Film 1994 No Escape
62%
Film 2007 Bee Movie
54%
Film 1997 Cop Land
54%
Film 1994 Corrina, Corrina
54%
Film 1988 Dominick and Eugene
54%
Film 2003 Identity
54%
Film 2002 Narc
54%
Film 1996 Unforgettable
54%
Film 1992 Unlawful Entry
54%
Film 2007 Wild Hogs
54%
Film 1992 Article 99
46%
Web Mini-Series 2022 Black Bird
46%
Film 2023 Cocaine Bear
46%
Film 2001 Hannibal
46%
Film 2020 Hubie Halloween
46%
Film 2002 John Q.
46%
Film 1998 Phoenix
46%
TV Show 2003 Saturday Night Live
46%
TV Show 2008 SpongeBob SquarePants
46%
TV Show 1983 St. Elsewhere
46%
Film 2012 The Place Beyond the Pines
46%
Film 2009 Crossing Over
38%
Film 2023 Dangerous Waters
38%
TV Show 2004 ER
38%
TV Show 2001 Family Guy
38%
Video Game 2002 Grand Theft Auto: Vice City
38%
Web Series 2021 Hanna
38%
TV Show 2010 Hannah Montana
38%
Film 2012 Killing Them Softly
38%
TV Show 2016 Modern Family
38%
Film 2007 Smokin' Aces
38%
Film 2016 Sticky Notes
38%
Film 2021 The Many Saints of Newark
38%
Film 2011 The River Murders
38%
TV Show 2018 The Simpsons
38%
Film 1997 Turbulence
38%
TV Short 2012 Abominable Christmas
31%
Film 2011 All Things Fall Apart
31%
TV Show 1978-1981 Another World
31%
Short Film 1987 Arena Brains
31%
Film 2000 A Rumor of Angels
31%
Film 2015 Blackway
31%
Music Video 2015 Bloodstream
31%
Film 2015 Campus Code
31%
TV Show 1983 Casablanca
31%
Film 2004 Control
31%
Short Film 2012 Dear Dracula
31%
Film 2023 Fool's Paradise
31%
Film 1999 Forever Mine
31%
TV Show 1995 Frasier
31%
Film 2008 Hero Wanted
31%
Film 2007 In the Name of the King: A Dungeon Siege Tale
31%
TV Show 2001, 2002 Just Shoot Me!
31%
Film 2014 Kill the Messenger
31%
Music Video 2014 Lovers on the Sun
31%
Film 1999 Muppets from Space
31%
Film 2014 Muppets Most Wanted
31%
Film 2021 No Sudden Move
31%
Film 2009 Observe and Report
31%
TV Show 1985 Our Family Honor
31%
Film 2000 Pilgrim
31%
TV Film 2002 Point of Origin
31%
Film 2014 Sin City: A Dame to Kill For
31%
Film 2010 Snowmen
31%
Film 1986 Something Wild
31%
Film 2011 Street Kings 2: Motor City
31%
TV Mini-Series 2015 Texas Rising
31%
Film 2011 The Details
31%
Film 2012 The Iceman
31%
Film 2014 The Identical
31%
Film 1983 The Lonely Lady
31%
TV Pilot 2014 The Money
31%
Short Film 2002 Ticker
31%
Film 2022 1992
23%
Film 2012 Bad Karma
23%
Film 2007 Battle in Seattle
23%
Film 2014 Better Living Through Chemistry
23%
Film 2012 Breathless
23%
Film 2022 Broken Soldier
23%
Video Game 2013 Call of Duty: Black Ops II
23%
Film 2010 Charlie St. Cloud
23%
Film 2010 Chasing 3000
23%
Film 2006 Comeback Season
23%
Film 2010 Crazy on the Outside
23%
TV Film 1981 Crazy Times
23%
Film 2010 Date Night
23%
Film 2006 Even Money
23%
Short Film 2011 Field of Dreams 2: Lockout
23%
Film 2016 Flock of Dudes
23%
TV Show 2018 Great News
23%
TV Film 1980 Hardhat and Legs
23%
Film 2006 Local Color
23%
Film 2019 Marriage Story
23%
Video Game 2013 Mob of the Dead
23%
TV Show 2012 NTSF:SD:SUV::
23%
Film 2013 Pawn
23%
TV Show 2012 Phineas and Ferb
23%
Film 2008 Powder Blue
23%
Film 2014 Revenge of the Green Dragons
23%
Film 2005 Revolver
23%
TV Show 2016-2018 Shades of Blue
23%
Film 2005 Slow Burn
23%
TV Show 2006-2007 Smith
23%
Film 2014 Stretch
23%
Film 2013 Suddenly
23%
Film 2013 The Devil's in the Details
23%
Film 2011 The Entitled
23%
Film 2004 The Last Shot
23%
TV Show 2011 The League
23%
TV Show 1984 The New Mike Hammer
23%
Film 2011 The Son of No One
23%
Film 2012 Ticket Out
23%
Web Series 2017 Unbreakable Kimmy Schmidt
23%
Film 2012 Wanderlust
23%
TV Film 1991 Women & Men 2: In Love There Are No Rules
23%
Film 2012 Yellow
23%
TV Show 2017 Young Sheldon
23%
Film 2009 Youth in Revolt
23%
Documentary Series 2014 30 for 30
15%
Commercial 2018 Chantix
15%
Commercial 2004 Heineken
15%
Commercial 2013-2014 Jose Cuervo '1800' Tequila
15%
Film 2009 La Linea
15%
Theater 2004 Match
15%
TV Show 2003 Punk'd
15%
Documentary 2019 Syndrome K
15%
Documentary Series 2015 The Making of the Mob
15%
TV Film 1998 The Rat Pack
15%
Film 2001 Hearbreakers
8%
Commercial 2017 KFC
0%
No matching quizzes found
Score Distribution
Percent of People with Each Score
Percentile by Number Answered
Your Score History
You have not taken this quiz since the last reset